U.S. wars - Statistics

General Stats
  • This quiz has been taken 206 times
  • The average score is 9 of 14
Answer Stats
Years Who we fought War % Correct
1914-1918 (1917-1918) Imperial Germany, Austria-Hungary, Ottoman Empire, Bulgaria World War 1
89%
1939-1945 (1941-1945) Nazi Germany, Italy, Japan, World War 2
89%
1812-1815 Uk War of 1812
85%
1955-1975 North Vietnam, China, Soviet Union Vietnam War
83%
1950-1953 North Korea, Soviet Union, China Korean War
81%
1898 Spain Spanish-American War
70%
1846-1848 Mexico Mexican-American War
69%
1775-1783 Uk Revolutionary War
68%
2003-2011 Iraq Iraq War
61%
1990-1991 Iraq Gulf War
57%
2001-2021 Taliban Occupied Afghanistan War on terror
38%
1861-1865 Confederate States of America U.S. Civil War
34%
1898-1902 Phillipines Philippine-American War
14%
1862-1863 Dakota Tribe Dakota War
13%
No matching quizzes found
Score Distribution
Percent of People with Each Score
Percentile by Number Answered
Your Score History
You have not taken this quiz